Cutting the cord / (Record no. 43257)
[ view plain ]
| 000 -LEADER | |
|---|---|
| fixed length control field | 00703cam a2200253 a 4500 |
| 001 - CONTROL NUMBER | |
| control field | 3417996 |
| 005 - DATE AND TIME OF LATEST TRANSACTION | |
| control field | 20180913110454.0 |
| 008 - FIXED-LENGTH DATA ELEMENTS--GENERAL INFORMATION | |
| fixed length control field | 900108s1990 ilu b 000 0 eng |
| 010 ## - LIBRARY OF CONGRESS CONTROL NUMBER | |
| LC control number | 90070006 |
| 020 ## - INTERNATIONAL STANDARD BOOK NUMBER | |
| International Standard Book Number | 0842375449 |
| 040 ## - CATALOGING SOURCE | |
| Original cataloging agency | DLC |
| Transcribing agency | DLC |
| Modifying agency | DLC |
| 100 1# - MAIN ENTRY--PERSONAL NAME | |
| Personal name | Lewis, Vern C. |
| 245 10 - TITLE STATEMENT | |
| Title | Cutting the cord / |
| Statement of responsibility, etc | Vern C. Lewis and Bruce Narramore. |
| 260 ## - PUBLICATION, DISTRIBUTION, ETC. (IMPRINT) | |
| Place of publication, distribution, etc | Wheaton, Ill. : |
| Name of publisher, distributor, etc | Tyndale House Publishers, |
| Date of publication, distribution, etc | c1990. |
| 300 ## - PHYSICAL DESCRIPTION | |
| Extent | 349 p. ; |
| Dimensions | 24 cm. |
| 336 ## - CONTENT TYPE | |
| Content Type Term | text |
| 337 ## - MEDIA TYPE | |
| Media Type Term | unmediated |
| 338 ## - CARRIER TYPE | |
| Carrier Type Term | volume |
| 504 ## - BIBLIOGRAPHY, ETC. NOTE | |
| Bibliography, etc | Includes bibliographical references. |
| 650 #0 - SUBJECT ADDED ENTRY--TOPICAL TERM | |
| Topical term or geographic name as entry element | Parent and teenager. |
| 650 #0 - SUBJECT ADDED ENTRY--TOPICAL TERM | |
| Topical term or geographic name as entry element | Adolescent psychology. |
| 700 1# - ADDED ENTRY--PERSONAL NAME | |
| Personal name | Narramore, Bruce. |
| 942 ## - ADDED ENTRY ELEMENTS (KOHA) | |
| Source of classification or shelving scheme | Library of Congress Classification |
| Item type | Books |
| Withdrawn status | Lost status | Source of classification or shelving scheme | Damaged status | Not for loan | Home library | Current library | Shelving location | Date acquired | Source of acquisition | Inventory number | Total Checkouts | Full call number | Barcode | Date last seen | Price effective from | Koha item type |
|---|---|---|---|---|---|---|---|---|---|---|---|---|---|---|---|---|
| Library of Congress Classification | BSOP Library | BSOP Library | GC | 09/13/2018 | Dr. Kirwan Collection | 42847 | HQ799.15 L58 1990 | 00053847 | 09/13/2018 | 09/13/2018 | Books |
